DC DUTTA'S TB. OF OBSTETRICS (Record no. 30749)

MARC details
000 -LEADER
fixed length control field 00340nam a22001577a 4500
003 - CONTROL NUMBER IDENTIFIER
control field SGT
020 ## - INTERNATIONAL STANDARD BOOK NUMBER
International Standard Book Number 9789356963313
082 ## - DEWEY DECIMAL CLASSIFICATION NUMBER
Classification number 618.2
Item number D25K
100 ## - MAIN ENTRY--PERSONAL NAME
Personal name KONAR, HIRALAL
245 ## - TITLE STATEMENT
Title DC DUTTA'S TB. OF OBSTETRICS
250 ## - EDITION STATEMENT
Edition statement 10TH
260 ## - PUBLICATION, DISTRIBUTION, ETC. (IMPRINT)
Place of publication, distribution, etc INDIA
Name of publisher, distributor, etc JAYPEE PUB
Year of Publication 2025
300 ## - PAGE DESCRIPTION
No. of Pages 666
650 ## - SUBJECT ADDED ENTRY--TOPICAL TERM
Topical term or geographic name as entry element OBST & GYNE
942 ## - ADDED ENTRY ELEMENTS (KOHA)
Source of classification or shelving scheme Dewey Decimal Classification
Koha item type Books
Holdings
Withdrawn status Lost status Source of classification or shelving scheme Damaged status Not for loan Collection code Home library Current library Shelving location Date acquired Vendor Name Cost, normal purchase price SGTU Bill Number Full call number Accession No. (Barcode) Date last seen Bill Date Koha item type Total Checkouts Checked out Date last borrowed
    Dewey Decimal Classification   Not For Loan MEDICAL SGT Medical Library SGT Medical Library Reference Book 11/02/2025 ABC DELHI 1495.00 SGTU 20461 618.2 D25K FM14996 07/04/2025 11/02/2025 Books      
    Dewey Decimal Classification     MEDICAL SGT Medical Library SGT Medical Library Text Book 11/02/2025 ABC DELHI 1495.00 SGTU 20461 618.2 D25K FM14997 04/06/2026 11/02/2025 Books 25 18/06/2026 04/06/2026
    Dewey Decimal Classification     MEDICAL SGT Medical Library SGT Medical Library Text Book 11/02/2025 ABC DELHI 1495.00 SGTU 20461 618.2 D25K FM14998 25/05/2026 11/02/2025 Books 18 08/06/2026 25/05/2026
    Dewey Decimal Classification     MEDICAL SGT Medical Library SGT Medical Library Text Book 11/02/2025 ABC DELHI 1495.00 SGTU 20461 618.2 D25K FM14999 16/05/2026 11/02/2025 Books 16   02/05/2026
    Dewey Decimal Classification     MEDICAL SGT Medical Library SGT Medical Library Text Book 11/02/2025 ABC DELHI 1495.00 SGTU 20461 618.2 D25K FM15000 19/05/2026 11/02/2025 Books 15   04/05/2026